| 000 | 00735npc a2200217Ia 4500 | ||
|---|---|---|---|
| 001 | dg38-1977 [d000002078] | ||
| 003 | IT-MiCISF | ||
| 008 | 161014s9999||||xx | und|| | ||
| 040 |
_aIT-MiCISF _cIT-MiCISF |
||
| 041 | _ait | ||
| 100 | _aClerici Massimo | ||
| 245 | 0 |
_aIl malato mentale e la famiglia _bIniziative e mediazioni tra utenza e servizi del territorio |
|
| 250 | _a1a ed. | ||
| 260 |
_bCaritas ambrosiana-settore promozione umana e servizi sociali _c1994 |
||
| 300 | _app. 35 | ||
| 500 | _aConteri G., Quisi Q., Muggia E., Cacchione L. / malattie-mentali, famiglia, assistenza-sociale, reti-informali / | ||
| 650 | _aservizi-alla-persona | ||
| 700 | _aAA.VV. | ||
| 942 | _cDD | ||
| 957 | _71 | ||
| 999 |
_a1977 _bsi _g1 _c207577 _d207577 |
||